|
|
|
|
| LEADER |
00000cam a2200000 4500 |
| 001 |
vtls012068603 |
| 003 |
SK-MaSNL |
| 005 |
20260301230612.0 |
| 008 |
210914s2021 xo a cr 010 j slo |
| 015 |
|
|
|a SNBA2022/11
|
| 020 |
|
|
|a 9788055177472
|q (viazané)
|
| 040 |
|
|
|a SNK
|b slo
|c SNK
|e rda
|
| 041 |
1 |
|
|a slo
|h eng
|
| 044 |
|
|
|a xo
|c SK
|
| 072 |
|
7 |
|a 821.111-3
|x Anglická próza, anglicky písaná
|2 konspekt
|
| 072 |
|
7 |
|a 82-93
|x Literatúra pre deti a mládež (beletria)
|2 konspekt
|
| 080 |
|
|
|a 821.111(94)-32
|2 2011
|
| 080 |
|
|
|a 82-93-053.4/.5
|2 2011
|
| 100 |
1 |
|
|a Rippin, Sally
|4 aut
|9 206950
|
| 240 |
1 |
0 |
|a Polly and Buster: The Search for the Silver Witch
|l Slovensky
|
| 245 |
1 |
0 |
|a Polly a Buster
|n 3
|p Hľadá sa strieborná čarodejnica
|c napísala a ilustrovala Sally Rippin ; z anglického originálu Polly and Buster: The Search for the Silver Witch ... preložila Eva Budjačová
|
| 246 |
3 |
0 |
|a Hľadá sa strieborná čarodejnica
|
| 250 |
|
|
|a Prvé vydanie
|
| 264 |
|
1 |
|a Bratislava
|b Ikar, a.s. - Stonožka
|c 2021
|
| 300 |
|
|
|a 294 strán
|b ilustrácie
|c 19 cm
|
| 336 |
|
|
|a text
|b txt
|2 rdacontent
|
| 337 |
|
|
|a bez média
|b n
|2 rdamedia
|
| 338 |
|
|
|a zväzok
|b nc
|2 rdacarrier
|
| 500 |
|
|
|a Obsahuje stručné biografické údaje o autorke
|
| 500 |
|
|
|a Preložené z angličtiny
|
| 521 |
8 |
|
|a Pre čitateľov od 7 rokov
|
| 655 |
|
7 |
|a austrálske príbehy
|2 SNKPH
|9 79555
|
| 655 |
|
7 |
|a literatúra pre deti
|2 SNKPH
|9 87135
|
| 655 |
|
7 |
|a Australian stories
|2 SNKPHeng
|9 303202
|
| 655 |
|
7 |
|a Children's literature
|2 SNKPHeng
|9 276039
|
| 700 |
1 |
|
|a Budjačová, Eva
|4 trl
|9 60728
|
| 787 |
0 |
8 |
|i Zo série:
|t Polly a Buster
|g 3
|
| 919 |
|
|
|a 978-80-551-7747-2
|
| 954 |
|
|
|a beletria cudzojazyčná (svetová)
|2 lita
|
| 958 |
|
|
|a LX
|
| 958 |
|
|
|a DB
|
| 958 |
|
|
|a UP
|
| 968 |
|
|
|b ENG
|
| 999 |
|
|
|c 955432
|d 957362
|
| 952 |
|
|
|a SNK
|b SNK
|y PREZ
|7 0
|p 17A1468721
|o snkSD 89797/3
|i snk2021/17858
|8 0
|0 0
|1 0
|4 0
|d 2021-11-10
|f 1
|l 0
|r 2026-02-24 10:01:37
|w 2026-02-24
|
| 952 |
|
|
|a SNK
|b SNK
|y PREZ
|7 0
|p 17A1468722
|o snkSD 89797/3 D1
|i snk2021/17859
|8 0
|0 0
|1 0
|4 0
|d 2021-11-10
|l 0
|r 2026-02-24 10:01:37
|w 2026-02-24
|